• Bonachía, Juan Antonio

di Personal Name

Records bibliografici associati: 2

001 - CONTROL NUMBER

  • control field: 12625

003 - CONTROL NUMBER IDENTIFIER

  • control field: IT-RoINE

005 - DATE AND TIME OF LATEST TRANSACTION

  • control field: 20141008123324.0

008 - FIXED-LENGTH DATA ELEMENTS

  • fixed length control field: 141008|| aca||aabn | a|a d

040 ## - CATALOGING SOURCE

  • Original cataloging agency: IT-RoINE
  • Transcribing agency: IT-RoINE

100 ## - HEADING--PERSONAL NAME

  • Personal name: Bonachía, Juan Antonio

670 ## - SOURCE DATA FOUND

  • Source citation: Work cat.: (IT-RoINE)0: Bonachía, Juan Antonio, El Señorío de Burgos durante la baja edad media (1255-1508) /, 1988.